| 000 | 00000nam##2200000za#4500 |
| 001 | 9.698131 |
| 003 | CaOODSP |
| 005 | 20210624235806 |
| 007 | cr ||||||||||| |
| 008 | 150407|2000||||xxc|||||o f|0| 0 eng|d |
| 040 | |aCaOODSP|beng |
| 043 | |an-cn--- |
| 086 | 1 |aRH64-70/2000E-PDF |
| 110 | 1 |aCanada.|bHuman Resources Development Canada. |bStrategic Policy. |
| 245 | 14|aThe net fiscal incidence of the Employment Insurance Act on full- versus part-time workers : |h[electronic resource]|bfinal report / |cprepared by: Peter Kuhn. |
| 260 | |aOttawa - Ontario : |bHuman Resources Development Canada. |cNovember 2000. |
| 300 | |a52p.|btables |
| 504 | |aBibliography. |
| 590 | |a13-16-Supp|b2013-07-12 |
| 690 | 07|aEmployment insurance|2gcpds |
| 690 | 07|aWorkers|2gcpds |
| 775 | 08|tLa Loi sur l'assurance-emploi - incidence financière nette sur les travailleurs à temps plein et les travailleurs à temps partiel : |w(CaOODSP)9.642125 |
| 856 | 40|ahttp://publications.gc.ca|qPDF|s206 KB|uhttps://publications.gc.ca/collections/collection_2013/rhdcc-hrsdc/RH64-70-2000-eng.pdf |
| 986 | |aSP-AH128-11-00E |